Normal view
MARC view
Entry Personal Name
001 - CONTROL NUMBER
- control field: 24486
003 - CONTROL NUMBER IDENTIFIER
- control field: ARRUPE
005 - DATE AND TIME OF LATEST TRANSACTION
- control field: 20160802153948.0
008 - FIXED-LENGTH DATA ELEMENTS
- fixed length control field: 160802|| aca||aabn | a|a d
040 ## - CATALOGING SOURCE
- Original cataloging agency: ARRUPE
- Transcribing agency: ARRUPE
100 ## - HEADING--PERSONAL NAME
- Personal name: Bouwsma, William J.
670 ## - SOURCE DATA FOUND
- Source citation: Work cat.: (ARRUPE): Bouwsma, William J., The Warning of the renaissance 1550-1640, 2000